Design of stormwater management infrastructure in a small urbanized area

Gespeichert in:
Bibliographische Detailangaben
1. Verfasser: Nano, Tedi (Verfasst von)
Weitere Verfasser: Stanko, Štefan (Betreuung Doktorarbeit)
Format: Manuskript Buch
Sprache:Slowakisch
Englisch
Veröffentlicht: 2025
Schlagworte:
Online-Zugang:http://is.stuba.sk/zp/portal_zp.pl?podrobnosti=177621
CRZP
Tags: Tag hinzufügen
Keine Tags, Fügen Sie das erste Tag hinzu!

MARC

LEADER 00000ntm a22000003a 4500
001 stuzp105188
003 SK-STU
005 20250729142853.9
007 ta
008 150427s2015----xo-----f-mn---000-0-slo-d
040 |a STU  |b slo 
041 0 |a eng 
100 1 |a Nano, Tedi  |u 010280  |4 aut  |U SvF Stavebná fakulta  |T SvF Katedra zdravotného inžinierstva  |X 122184  |U V280  |Y 29  |7 122184 
242 0 1 |a Návrh manažmentu dažďovej vody v malej urbanizovanej oblasti  |y slo 
245 1 0 |a Design of stormwater management infrastructure in a small urbanized area 
260 |c 2025 
650 4 |a Manažment dažďovej vody  |2 slo 
650 4 |a Infiltračná nádrž  |2 slo 
650 4 |a Udržateľnosť  |2 slo 
650 4 |a Nezávislosť  |2 slo 
650 4 |a Stormwater management  |2 eng 
650 4 |a Infiltration tank  |2 eng 
650 4 |a Sustainability  |2 eng 
650 4 |a Independence  |2 eng 
700 1 |a Stanko, Štefan  |u 010280  |k Z1  |4 ths  |U SvF Stavebná fakulta  |T SvF Katedra zdravotného inžinierstva  |X 2740  |U V280  |Y 29  |7 A000002740 
856 4 |u http://is.stuba.sk/zp/portal_zp.pl?podrobnosti=177621 
856 4 |u https://opac.crzp.sk/?fn=detailBiblioForm&sid=4013D2F8FE5692F459CD2F4F6B33  |z CRZP